000 00721cam a22002293a 4500
001 18016
003 PGUSA
005 20140828083401.0
008 060319s2006||||xxu|||||s|||||000 | eng d
040 _aPGUSA
_beng
042 _adc
050 4 _aQE
100 1 _aSandick, R. A. van
_q(Rudolf Adriaan),
_d1855-1933
245 1 0 _aIn Het Rijk van Vulcaan :
_bde Uitbarsting van Krakatau en Hare Gevolgen
_h[electronic resource] /
_cR. A. van Sandick
260 _bProject Gutenberg,
_c2006
506 _aPublic domain in the USA.
516 _aElectronic text
653 _aKrakatoa (Indonesia) -- Eruption, 1883
830 0 _aProject Gutenberg
_v18016
856 4 0 _uhttp://www.gutenberg.org/ebooks/18016
942 _cEB
999 _c247271
_d247271